Clubs de football commençant par V - Statistiques

Statistiques générales
  • Ce quiz a été pris 382 fois
  • Le résultat moyen est 7 sur 12
Statistiques - réponses
Par images Réponse % Correct
Valence
99%
Villarreal
96%
Valenciennes
91%
Vissel Kobe
73%
Vitesse
70%
Vasco da Gama
56%
Venise
54%
Versailles
45%
Viktoria Plzeň
42%
Vitória de Guimarães
40%
Viking FK
5%
Vejle BK
4%
Aucun quiz correspondant
Distribution des résultats
% des personnes avec chaque résultat
Percentile par nombre de réponses
Votre historique - résultats
Vous n’avez pas pris ce quiz